00480 2200193 4500245004900000020001800049250001100067100002000078700001800098700002200116650001700138005001900155260003100174041001400205084001300219300003400232336000900266338001100275 aStrange Dragon Vol. 1cIshihara, KeikohText a9786023394081 aCet. 1 aIshihara, Keiko aFebby Ismyati aDian Indrinuswati aKomik Jepang a20230203142047 aJakartabPT Gramediac2015 aIndonesia a741.5592 a... jil. :bilus. ;c17,5 cm. atext avolume